<?xml version="1.0" encoding="UTF-8"?>
<record
    xmlns:xsi="http://www.w3.org/2001/XMLSchema-instance"
    xsi:schemaLocation="http://www.loc.gov/MARC21/slim http://www.loc.gov/standards/marcxml/schema/MARC21slim.xsd"
    xmlns="http://www.loc.gov/MARC21/slim">

  <leader>01385njm a22003017a 4500</leader>
  <controlfield tag="005">20100916105738.0</controlfield>
  <controlfield tag="007">sd ammalaaahaa</controlfield>
  <controlfield tag="008">100904t        xxu||||| |||| 00| 0 hin d</controlfield>
  <datafield tag="028" ind1=" " ind2=" ">
    <subfield code="a">7EPE. 7475</subfield>
    <subfield code="b">EMI</subfield>
  </datafield>
  <datafield tag="028" ind1=" " ind2=" ">
    <subfield code="a">B-7TJW. 28068</subfield>
    <subfield code="b">EMI</subfield>
  </datafield>
  <datafield tag="028" ind1=" " ind2=" ">
    <subfield code="a">B-7TJW. 28069</subfield>
    <subfield code="b">EMI</subfield>
  </datafield>
  <datafield tag="035" ind1=" " ind2=" ">
    <subfield code="a">GR-02788</subfield>
  </datafield>
  <datafield tag="040" ind1=" " ind2=" ">
    <subfield code="a">SED/VEN</subfield>
  </datafield>
  <datafield tag="100" ind1=" " ind2=" ">
    <subfield code="a">Jain, Ravindra  </subfield>
    <subfield code="9">1184</subfield>
  </datafield>
  <datafield tag="245" ind1=" " ind2=" ">
    <subfield code="a">Dulhan Wahi Jo Piya Man Bhaye; Part-1:</subfield>
    <subfield code="b">Hindi /</subfield>
    <subfield code="c">by Ravindra Jain; Music by Ravindra Jain; Lyric by Ravindra Jain</subfield>
    <subfield code="h">[Sound Recording] :</subfield>
  </datafield>
  <datafield tag="246" ind1=" " ind2=" ">
    <subfield code="a">&#x926;&#x941;&#x932;&#x94D;&#x939;&#x928; &#x935;&#x939;&#x940; &#x91C;&#x94B; &#x92A;&#x93F;&#x92F;&#x93E; &#x92E;&#x928; &#x92D;&#x93E;&#x92F;&#x947; (&#x930;&#x935;&#x940;&#x928;&#x94D;&#x926;&#x94D;&#x930; &#x91C;&#x948;&#x928;)          </subfield>
  </datafield>
  <datafield tag="260" ind1=" " ind2=" ">
    <subfield code="a">Dum Dum, India :</subfield>
    <subfield code="b">EMI</subfield>
  </datafield>
  <datafield tag="300" ind1=" " ind2=" ">
    <subfield code="a">1 sound disc [Gramophone Recording] :</subfield>
    <subfield code="b">analog, 33 1/3 rpm ;</subfield>
    <subfield code="c">7 in. [SP]</subfield>
    <subfield code="f">Gramophone Records</subfield>
  </datafield>
  <datafield tag="500" ind1=" " ind2=" ">
    <subfield code="a">Brief Records</subfield>
  </datafield>
  <datafield tag="500" ind1=" " ind2=" ">
    <subfield code="a">Record Labels: EMI,Red</subfield>
  </datafield>
  <datafield tag="505" ind1=" " ind2=" ">
    <subfield code="a">Song Side-1; &#x905;&#x91A;&#x930;&#x93E; &#x92E;&#x947;&#x902; &#x92B;&#x941;&#x932;&#x935;&#x93E; (&#x926;&#x941;&#x932;&#x94D;&#x939;&#x928; &#x935;&#x939;&#x940; &#x91C;&#x94B; &#x92A;&#x93F;&#x92F;&#x93E; &#x92E;&#x928; &#x92D;&#x93E;&#x92F;&#x947;) (&#x930;&#x935;&#x940;&#x928;&#x94D;&#x926;&#x94D;&#x930; &#x91C;&#x948;&#x928;), Song Side-2; &#x92A;&#x941;&#x930;&#x935;&#x948;&#x92F;&#x93E; &#x915;&#x947; &#x91D;&#x94B;&#x902;&#x915;&#x947; (&#x939;&#x947;&#x92E;&#x932;&#x924;&#x93E;) Part 2     </subfield>
  </datafield>
  <datafield tag="600" ind1=" " ind2=" ">
    <subfield code="a">Jain, Ravindra</subfield>
    <subfield code="9">20259</subfield>
  </datafield>
  <datafield tag="650" ind1=" " ind2=" ">
    <subfield code="a">Classical Music</subfield>
    <subfield code="x">Excerpts</subfield>
    <subfield code="z">India</subfield>
    <subfield code="9">18309</subfield>
  </datafield>
  <datafield tag="700" ind1=" " ind2=" ">
    <subfield code="9">18319</subfield>
    <subfield code="a">Hemlata</subfield>
  </datafield>
  <datafield tag="700" ind1=" " ind2=" ">
    <subfield code="9">18320</subfield>
  </datafield>
  <datafield tag="942" ind1=" " ind2=" ">
    <subfield code="2">ddc</subfield>
    <subfield code="c">GR</subfield>
  </datafield>
  <datafield tag="999" ind1=" " ind2=" ">
    <subfield code="c">46080</subfield>
    <subfield code="d">46080</subfield>
  </datafield>
  <datafield tag="952" ind1=" " ind2=" ">
    <subfield code="0">0</subfield>
    <subfield code="1">0</subfield>
    <subfield code="2">ddc</subfield>
    <subfield code="4">0</subfield>
    <subfield code="7">1</subfield>
    <subfield code="8">NFIC</subfield>
    <subfield code="a">L</subfield>
    <subfield code="b">L</subfield>
    <subfield code="c">AV</subfield>
    <subfield code="d">2010-09-16</subfield>
    <subfield code="e">SED/VEN</subfield>
    <subfield code="l">0</subfield>
    <subfield code="p">GR-02788</subfield>
    <subfield code="r">2010-09-16 00:00:00</subfield>
    <subfield code="t">1</subfield>
    <subfield code="w">2010-09-16</subfield>
    <subfield code="y">GR</subfield>
  </datafield>
</record>
